Il colore viola

Guardat en:
Dades bibliogràfiques
Autor principal: Walker, Alice
Format: Llibre
Idioma:anglès
Etiquetes: Afegir etiqueta
Sense etiquetes, Sigues el primer a etiquetar aquest registre!

MARC

LEADER 00000nam a2200000 4500
001 CDOM0000003813
003 mi
005 20250729105415.0
008 250725b |||||||| |||| 00| 0 eng d
040 |c mi 
100 |a Walker, Alice 
245 1 |a Il colore viola  
942 |2 ddc  |c BK 
952 |0 0  |1 0  |2 ddc  |4 0  |7 0  |9 7019  |a MI  |b MI  |d 2009-09-02  |i 5549  |l 0  |p CDOM5549  |r 2025-07-13 16:28:00  |w 2025-07-13  |x ACQUISTO  |y BK 
999 |c 5735  |d 5735